Toutes les communes de la Savoie sur une carte - Statistiques

Statistiques générales
  • Ce quiz a été pris 1 854 fois
  • Le résultat moyen est 72 sur 273
Réponses sur la Carte
Les réponses sont colorées sur une échelle allant du rouge au vert en fonction du pourcentage des utilisateurs qui les ont devinées à leur premier essai. Vous pouvez retrouver ces pourcentages ci-dessous.
 
Statistiques - réponses
Commune Population % Correct
Chambéry 59 172
95%
Les Belleville 3 476
86%
Saint-Jean-d'Arves 272
85%
Saint-Jean-d'Arvey 1 724
85%
Saint-Jean-de-Chevelu 834
85%
Saint-Jean-de-Couz 303
85%
Saint-Jean-de-la-Porte 963
85%
Saint-Jean-de-Maurienne 7 560
85%
Albertville 19 830
84%
Aix-les-Bains 31 100
82%
Bourg-Saint-Maurice 7 160
75%
Courchevel 2 358
67%
Modane 3 010
62%
Moûtiers 3 467
62%
Tignes 2 016
62%
La Motte-en-Bauges 509
58%
La Motte-Servolex 12 377
58%
Le Bourget-du-Lac 4 911
58%
Val-d'Isère 1 589
58%
Saint-Pierre-d'Albigny 4 168
57%
Saint-Pierre-d'Alvey 310
57%
Saint-Pierre-de-Belleville 177
57%
Saint-Pierre-de-Curtille 488
57%
Saint-Pierre-de-Genebroz 319
57%
Saint-Pierre-d'Entremont 447
57%
Saint-Pierre-de-Soucy 418
57%
La Plagne Tarentaise 3 828
55%
Montmélian 4 064
55%
Saint-Michel-de-Maurienne 2 474
53%
Val-Cenis 2 068
52%
Ugine 7 135
51%
Beaufort 2 024
50%
La Léchère 2 601
50%
Aime-la-Plagne 4 433
47%
Challes-les-Eaux 5 609
47%
Valloire 1 071
47%
Le Pont-de-Beauvoisin 2 069
46%
Bonneval-sur-Arc 263
45%
Saint-Alban-de-Montbel 666
44%
Saint-Alban-des-Villards 87
44%
Saint-Alban-d'Hurtières 369
44%
Saint-Alban-Leysse 6 286
44%
Grésy-sur-Aix 4 598
43%
Grésy-sur-Isère 1 202
43%
La Ravoire 8 939
43%
Cognin 6 467
40%
Saint-Franc 158
40%
La Tour-en-Maurienne 1 083
38%
Pralognan-la-Vanoise 712
38%
Saint-Martin-d'Arc 310
38%
Saint-Martin-sur-la-Chambre 541
38%
Saint-Martin-de-la-Porte 679
37%
Val-d'Arc 2 015
36%
Yenne 3 083
36%
Aiguebelette-le-Lac 230
35%
Barberaz 5 167
35%
Bassens 5 063
35%
Entrelacs 6 340
35%
Porte-de-Savoie 3 830
35%
Saint-François-de-Sales 148
35%
Saint François Longchamp 545
35%
Saint-Genix-les-Villages 2 895
35%
Saint-Paul 730
35%
Saint-Paul-sur-Isère 526
35%
Bessans 359
33%
Champ-Laurent 31
33%
La Chambre 1 164
33%
Sainte-Marie-d'Alvey 123
32%
Sainte-Marie-de-Cuines 826
32%
Aillon-le-Jeune 431
31%
Aillon-le-Vieux 194
31%
Barby 3 551
31%
Chignin 938
31%
Voglans 1 941
31%
Aussois 693
30%
Grand-Aigueblanche 3 823
30%
Saint-Julien-Mont-Denis 1 588
30%
Bourget-en-Huile 147
29%
Bozel 1 876
29%
Chanaz 547
29%
Jacob-Bellecombette 4 017
29%
Sainte-Foy-Tarentaise 707
29%
Aiton 1 683
28%
Frontenex 1 943
28%
La Chapelle 330
28%
La Chapelle-Blanche 577
28%
La Chapelle-du-Mont-du-Chat 260
28%
La Chapelle-Saint-Martin 142
28%
Notre-Dame-de-Bellecombe 474
28%
Notre-Dame-des-Millières 1 024
28%
Notre-Dame-du-Cruet 223
28%
Notre-Dame-du-Pré 250
28%
Saint-Sorlin-d'Arves 349
28%
Valgelon-La Rochette 4 175
28%
Drumettaz-Clarafond 2 998
27%
Hauteluce 759
27%
Les Échelles 1 246
27%
Saint-André 446
27%
Saint-Baldoph 2 730
27%
Sainte-Hélène-du-Lac 803
27%
Sainte-Hélène-sur-Isère 1 201
27%
Tresserve 2 981
27%
Brides-les-Bains 491
26%
Champagny-en-Vanoise 557
26%
Les Allues 1 829
26%
Novalaise 2 185
26%
Orelle 317
26%
Saint-Étienne-de-Cuines 1 208
26%
Valmeinier 569
26%
Viviers-du-Lac 2 286
26%
Bourdeau 579
25%
Entremont-le-Vieux 641
25%
Flumet 796
25%
Saint-Rémy-de-Maurienne 1 238
25%
Villard-d'Héry 257
25%
Villard-Léger 450
25%
Villard-Sallet 288
25%
Villard-sur-Doron 692
25%
Gilly-sur-Isère 3 062
24%
La Bâthie 2 129
24%
Peisey-Nancroix 636
24%
Vimines 2 172
24%
Apremont 979
23%
Lépin-le-Lac 469
23%
Les Déserts 812
23%
Mercury 3 351
23%
Saint-Thibaud-de-Couz 1 074
23%
Séez 2 367
23%
Albiez-le-Jeune 146
22%
Albiez-Montrond 364
22%
Argentine 951
22%
École 306
22%
Landry 802
22%
Mouxy 2 248
22%
Myans 1 296
22%
Saint-Jeoire-Prieuré 1 898
22%
Brison-Saint-Innocent 2 327
21%
Épierre 770
21%
La Compôte 264
21%
Méry 2 106
21%
Montagnole 976
21%
Saint-Christophe 529
21%
Saint-Colomban-des-Villards 130
21%
Salins-Fontaine 994
21%
La Thuile 341
20%
Lescheraines 790
20%
Saint-Georges-d'Hurtières 369
20%
Saint-Marcel 606
20%
Bellecombe-en-Bauges 689
19%
Chamoux-sur-Gelon 954
19%
Chindrieux 1 408
19%
Crest-Voland 332
19%
Cruet 1 045
19%
Fourneaux 698
19%
La Biolle 2 867
19%
La Giettaz 383
19%
Saint-Sulpice 771
19%
Sonnaz 2 072
19%
Coise-Saint-Jean-Pied-Gauthier 1 281
18%
Curienne 671
18%
Queige 821
18%
Saint-Cassin 936
18%
Saint-Nicolas-la-Chapelle 476
18%
Avrieux 389
17%
Chamousset 597
17%
Domessin 1 929
17%
Grignon 2 097
17%
La Bridoire 1 250
17%
Montvalezan 718
17%
Jongieux 281
16%
Le Châtelard 661
16%
Marthod 1 345
16%
Saint-Avre 899
16%
Saint-Léger 247
16%
Saint-Ours 732
16%
Tours-en-Savoie 908
16%
Verel-de-Montbel 313
16%
Verel-Pragondran 480
16%
Arbin 765
15%
Cevins 705
15%
Cohennoz 151
15%
Dullin 483
15%
Feissons-sur-Salins 175
15%
Fontcouverte-la-Toussuire 481
15%
Motz 436
15%
Nances 518
15%
Saint-Béron 1 710
15%
Saint-Offenge 1 151
15%
Villargondran 834
15%
Villarodin-Bourget 538
15%
Villaroger 362
15%
Arith 440
14%
Belmont-Tramonet 523
14%
Bourgneuf 694
14%
Châteauneuf 936
14%
Conjux 210
14%
Freney 100
14%
Jarsy 266
14%
La Balme 344
14%
Montcel 1 037
14%
Montricher-Albanne 477
14%
Montvernier 236
14%
Ontex 107
14%
Ruffieux 808
14%
Thoiry 454
14%
Trévignin 833
14%
Ayn 387
13%
Fréterive 616
13%
Jarrier 495
13%
La Bauche 510
13%
Montagny 651
13%
Planay 441
13%
Vions 405
13%
Arvillard 846
12%
Attignat-Oncin 566
12%
Bonvillard 353
12%
Corbel 154
12%
Hautecour 301
12%
La Croix-de-la-Rochette 383
12%
Laissaud 709
12%
Le Noyer 211
12%
Les Chapelles 563
12%
Pugny-Chatenod 987
12%
Puygros 377
12%
Sainte-Reine 172
12%
Saint-Pancrace 301
12%
Serrières-en-Chautagne 1 166
12%
Tournon 583
12%
Allondaz 290
11%
Billième 259
11%
Doucy-en-Bauges 97
11%
Les Avanchers-Valmorel 768
11%
Lucey 298
11%
Rochefort 243
11%
Villarembert 250
11%
Bonvillaret 147
10%
Champagneux 692
10%
Esserts-Blay 771
10%
Hauteville 351
10%
La Table 421
10%
Les Chavannes-en-Maurienne 223
10%
Pallud 794
10%
Saint-Vital 726
10%
Thénésol 317
10%
Avressieux 531
9%
Césarches 421
9%
Cléry 388
9%
Montailleur 671
9%
Montsapey 78
9%
Plancherine 463
9%
Rognaix 492
9%
Venthon 584
9%
Betton-Bettonet 307
8%
Détrier 435
8%
La Chavanne 740
8%
Les Mollettes 859
8%
Montgilbert 117
8%
Planaise 555
8%
Verrens-Arvey 932
8%
Gerbaix 427
7%
Meyrieux-Trouet 314
7%
Montendry 53
7%
Monthion 526
7%
Presle 433
7%
Traize 326
7%
Verthemex 231
7%
Le Pontet 122
6%
Marcieux 225
6%
Rotherens 368
6%
La Trinité 352
5%
Le Verneil 100
5%
Loisieux 200
5%
Villaroux 189
5%
Aucun quiz correspondant
Distribution des résultats
% des personnes avec chaque résultat
Percentile par nombre de réponses
Votre historique - résultats
Vous n’avez pas pris ce quiz